[Event "Mar del Plata op 53rd"]
[Site "Mar del Plata"]
[Date "2024.03.25"]
[Round "3"]
[White "Marrujo Pardo, Mauricio Emmanuel"]
[Black "Rodriguez, Mathias"]
[Result "1-0"]
[WhiteElo "2337"]
[BlackElo "2157"]
[PlyCount "65"]
[EventDate "2024.03.23"]
[EventType "swiss"]
[EventRounds "9"]
[EventCountry "ARG"]
[SourceTitle "CB14_2024"]
[SourceDate "2024.04.01"]
[SourceVersion "1"]
[SourceVersionDate "2024.04.01"]
[SourceQuality "1"]

1. e4 c5 2. Nf3 Nc6 3. d4 cxd4 4. Nxd4 Nf6 5. Nc3 e5 6. Ndb5 d6 7. Bg5 a6 8. Na3 b5 9. Nd5 Be7 10. Bxf6 Bxf6 11. c4 b4 12. Nc2 a5 13. g3 Bg5 14. h4 Bh6 15. Bh3 Be6 16. Bxe6 fxe6 17. Qh5+ Kf8 18. Qf3+ Ke8 19. Nde3 Qf6 20. Qe2 Bxe3 21. Qxe3 Nd4 22. 0-0-0 Nxc2 23. Kxc2 Rc8 24. Rxd6 Rxc4+ 25. Kb1 Ke7 26. Rhd1 Rhc8 27. Qa7+ Kf8 28. f3 R4c7 29. Qxa5 Qxf3 30. Qxb4 Kf7 31. a4 Rc4 32. Qb7+ Kf6 33. Rxe6+ 1-0

[Event "ARG-ch U20"]
[Site "Buenos Aires"]
[Date "2023.02.21"]
[Round "9"]
[White "Rodriguez, Mathias"]
[Black "Francisco Guecamburu, Candela Be"]
[Result "1/2-1/2"]
[WhiteElo "2099"]
[BlackElo "2279"]
[PlyCount "127"]
[EventDate "2023.02.17"]
[EventType "swiss"]
[EventRounds "9"]
[EventCountry "ARG"]
[SourceTitle "EXT 2024"]
[Source "ChessBase"]
[SourceDate "2023.10.10"]
[SourceVersion "1"]
[SourceVersionDate "2023.10.10"]
[SourceQuality "1"]

1. Nf3 Nf6 2. g3 g6 3. Bg2 Bg7 4. 0-0 0-0 5. d3 d5 6. Nbd2 c5 7. e4 Nc6 8. c3 e5 9. Re1 d4 10. Nc4 Qe7 11. cxd4 cxd4 12. b3 b5 13. Ba3 b4 14. Bc1 Ba6 15. a3 Nd7 16. axb4 Nxb4 17. Ba3 Bxc4 18. bxc4 a5 19. Qa4 Nc5 20. Bxb4 axb4 21. Qxb4 Rab8 22. Qa5 Nxd3 23. Reb1 Nc5 24. Rb5 Rbc8 25. Qb4 Qc7 26. Bh3 f5 27. exf5 gxf5 28. Nh4 Nd3 29. Qb1 Qxc4 30. Nxf5 Rc7 31. Nd6 Qc6 32. Be6+ Kh8 33. Qxd3 Qxd6 34. Bh3 Qf6 35. Rf1 Rc3 36. Qe4 Rf3 37. Rb2 Qd6 38. Bg2 Rc3 39. Rb7 d3 40. Qg4 Qf6 41. Qd1 Rd8 42. Be4 d2 43. Qh5 h6 44. Rd7 Rcc8 45. Rxd8+ Rxd8 46. Rd1 Bf8 47. Qg6 Qxg6 48. Bxg6 Bb4 49. Kf1 Kg7 50. Be4 Rd4 51. f3 Rc4 52. Ke2 Rc1 53. Bd5 Kf6 54. Be4 Ke7 55. h4 Kd6 56. g4 Kc5 57. g5 hxg5 58. hxg5 Kd6 59. g6 Ke7 60. Bd3 Kf6 61. Be4 Kg7 62. Bd3 Kf6 63. Be4 Kg7 64. Bd3 1/2-1/2

[Event "ARG-ch U20"]
[Site "Buenos Aires"]
[Date "2023.02.19"]
[Round "6"]
[White "Farhat, Francisco"]
[Black "Rodriguez, Mathias"]
[Result "1-0"]
[WhiteElo "1866"]
[BlackElo "2099"]
[PlyCount "129"]
[EventDate "2023.02.17"]
[EventType "swiss"]
[EventRounds "9"]
[EventCountry "ARG"]
[SourceTitle "EXT 2024"]
[Source "ChessBase"]
[SourceDate "2023.10.10"]
[SourceVersion "1"]
[SourceVersionDate "2023.10.10"]
[SourceQuality "1"]

1. d4 Nf6 2. Bf4 g6 3. Nc3 d5 4. e3 Bg7 5. Nb5 Na6 6. h3 c6 7. Nc3 Nc7 8. Nf3 0-0 9. Be2 b6 10. 0-0 Bb7 11. Qd2 Ne4 12. Qe1 c5 13. Be5 f6 14. Bh2 Rc8 15. Rd1 Nxc3 16. Qxc3 c4 17. a4 Ne8 18. Qa3 Nd6 19. Bxd6 Qxd6 20. Qxd6 exd6 21. c3 f5 22. g3 h6 23. h4 Bf6 24. Kg2 Kg7 25. Rh1 Bc6 26. Ra1 Rfe8 27. a5 b5 28. Ne1 g5 29. hxg5 hxg5 30. Nc2 g4 31. f3 gxf3+ 32. Bxf3 Bg5 33. Kf2 Re6 34. Rhe1 Rce8 35. Re2 Ba8 36. a6 Rb8 37. Nb4 Rh8 38. Rh1 Rhe8 39. Rhe1 Rh6 40. Bxd5 Bxd5 41. Nxd5 Bd8 42. Kf3 Kf7 43. e4 fxe4+ 44. Rxe4 Rxe4 45. Rxe4 Rh2 46. Re2 Rh1 47. Nb4 Ra1 48. Ke4 Ke6 49. d5+ Kf7 50. Nc6 Bb6 51. Rh2 Rxa6 52. Kf5 Kg7 53. Ke6 Bc5 54. Ne7 Ra1 55. Nf5+ Kg6 56. g4 Kg5 57. Rg2 Rh1 58. Kd7 Rh7+ 59. Kc6 b4 60. Nxd6 Bb6 61. Nxc4 bxc3 62. Nxb6 cxb2 63. Rxb2 axb6 64. d6 Rh1 65. Rd2 1-0

[Event "Florianopolis op 9th"]
[Site "Florianopolis"]
[Date "2023.01.24"]
[Round "2"]
[White "Calsing, Ado"]
[Black "Rodriguez, Mathias"]
[Result "1-0"]
[WhiteElo "1863"]
[BlackElo "2207"]
[PlyCount "91"]
[EventDate "2023.01.23"]
[EventType "swiss"]
[EventRounds "10"]
[EventCountry "BRA"]
[SourceTitle "CBM 212 Extra"]
[Source "ChessBase"]
[SourceDate "2023.03.31"]
[SourceVersion "1"]
[SourceVersionDate "2023.03.31"]
[SourceQuality "1"]

1. d4 Nf6 2. c4 g6 3. Nc3 Bg7 4. e4 d6 5. f3 0-0 6. Be3 e5 7. d5 Nh5 8. Qd2 f5 9. 0-0-0 Nd7 10. Bd3 Nc5 11. Bc2 a6 12. Nge2 b5 13. b4 Nd7 14. c5 Ndf6 15. c6 a5 16. a3 axb4 17. axb4 fxe4 18. Nxe4 Bf5 19. N2c3 Nxe4 20. fxe4 Bg4 21. Rde1 Nf4 22. Kb2 Qe7 23. Ra1 Rfb8 24. Rxa8 Rxa8 25. Ra1 Rxa1 26. Kxa1 Qf8 27. Kb2 Nh5 28. Qf2 Nf6 29. h3 Bc8 30. Nxb5 Qd8 31. Bg5 Kf7 32. g4 h6 33. Bxf6 Bxf6 34. Qa7 h5 35. Bd1 hxg4 36. hxg4 Be7 37. Qxc7 Qxc7 38. Nxc7 Bh4 39. b5 Bf2 40. Na8 Ke7 41. b6 Kd8 42. b7 Bxb7 43. cxb7 Ba7 44. g5 Bb8 45. Kc3 Ba7 46. Kc4 1-0

[Event "Vicente Lopez ProAm 100 Years op"]
[Site "Buenos Aires"]
[Date "2022.10.16"]
[Round "6"]
[White "Needleman, Alejandro"]
[Black "Rodriguez, Mathias"]
[Result "1/2-1/2"]
[WhiteElo "2267"]
[BlackElo "2082"]
[PlyCount "61"]
[EventDate "2022.10.11"]
[EventType "swiss"]
[EventRounds "9"]
[EventCountry "ARG"]
[SourceTitle "CBM 210 Extra"]
[Source "ChessBase"]
[SourceDate "2022.11.30"]
[SourceVersion "1"]
[SourceVersionDate "2022.11.30"]
[SourceQuality "1"]

1. d4 Nf6 2. Nf3 g6 3. g3 Bg7 4. Bg2 0-0 5. 0-0 d6 6. a4 c5 7. dxc5 dxc5 8. Qxd8 Rxd8 9. Ne5 Nd5 10. Nc4 Nc6 11. c3 Be6 12. Nba3 Nb6 13. Bxc6 bxc6 14. Na5 Nxa4 15. Nc2 Bh3 16. Re1 Nxc3 17. bxc3 Bxc3 18. Be3 Bf5 19. Nxc6 Bxc2 20. Nxd8 Rxd8 21. Bxc5 a5 22. Bxe7 Re8 23. Bc5 Bxa1 24. Rxa1 Rxe2 25. Rxa5 Be4 26. Ra1 Bf3 27. Rc1 Rd2 28. Be3 Rd1+ 29. Rxd1 Bxd1 30. Kg2 f6 31. Bd4 1/2-1/2

[Event "Neuquen Las Balsas op"]
[Site "Neuquen"]
[Date "2022.06.19"]
[Round "5"]
[White "Francisco Guecamburu, Candela Be"]
[Black "Rodriguez, Mathias"]
[Result "1/2-1/2"]
[WhiteElo "2223"]
[BlackElo "2060"]
[PlyCount "53"]
[EventDate "2022.06.17"]
[EventType "swiss"]
[EventRounds "7"]
[EventCountry "ARG"]
[SourceTitle "CBM 208 Extra"]
[Source "ChessBase"]
[SourceDate "2022.07.31"]
[SourceVersion "1"]
[SourceVersionDate "2022.07.31"]
[SourceQuality "1"]

1. e4 c5 2. Nf3 Nc6 3. Bb5 g6 4. Bxc6 dxc6 5. d3 Bg4 6. Nbd2 Bg7 7. h3 Bxf3 8. Nxf3 e5 9. Be3 Qe7 10. c3 Nf6 11. Qb3 0-0 12. a4 Rfd8 13. Qc4 Nd7 14. 0-0 b6 15. Rfd1 Nf8 16. a5 Ne6 17. Qa6 b5 18. Qxc6 Rab8 19. b4 Rd6 20. Bxc5 Rxc6 21. Bxe7 Rb7 22. Bh4 Rxc3 23. Rac1 Rbc7 24. Rxc3 Rxc3 25. Be7 Nf4 26. Bc5 Rxd3 27. Rxd3 1/2-1/2

[Event "Rio Grande Centennial op"]
[Site "Rio Grande"]
[Date "2021.10.02"]
[Round "6"]
[White "Ocampos, Ian Guido"]
[Black "Rodriguez, Mathias"]
[Result "1-0"]
[WhiteElo "2124"]
[BlackElo "1858"]
[PlyCount "87"]
[EventDate "2021.09.29"]
[EventType "swiss"]
[EventRounds "9"]
[EventCountry "ARG"]
[SourceTitle "EXT 2022"]
[Source "ChessBase"]
[SourceDate "2021.10.06"]
[SourceVersion "1"]
[SourceVersionDate "2021.10.06"]
[SourceQuality "1"]

1. e4 c5 2. Nf3 Nc6 3. Nc3 e5 4. Bc4 Be7 5. a4 Nf6 6. d3 d6 7. h3 0-0 8. Nh2 Be6 9. Ng4 Nd7 10. Ne3 Nb6 11. Ncd5 Bxd5 12. Nxd5 Nxd5 13. Bxd5 Bg5 14. c3 Rb8 15. Qb3 Bxc1 16. Rxc1 Qg5 17. 0-0 Ne7 18. g3 Ng6 19. Kh2 h5 20. Rc2 h4 21. Re2 Kh8 22. Re3 f5 23. Rf3 fxe4 24. Bxe4 Rxf3 25. Bxf3 Qd2 26. Kg1 Qg5 27. Bg4 hxg3 28. fxg3 Qe3+ 29. Kg2 Qxd3 30. Qf7 Qd2+ 31. Rf2 Qg5 32. Rf5 Qd2+ 33. Kg1 Qe1+ 34. Kh2 Qd2+ 35. Rf2 Qg5 36. Rf5 Qd2+ 37. Kh1 Qe1+ 38. Rf1 Qe4+ 39. Kh2 Qd3 40. h4 e4 41. Rf5 Qd2+ 42. Kh3 Nf8 43. Rh5+ Nh7 44. Bf5 1-0

[Event "South America-ch U14 16th"]
[Site "Buenos Aires"]
[Date "2019.12.04"]
[Round "5.10"]
[White "Rodriguez, Mathias"]
[Black "Moro Saidon, Gonzalo"]
[Result "0-1"]
[WhiteElo "1704"]
[BlackElo "1920"]
[PlyCount "96"]
[EventDate "2019.12.01"]
[EventType "swiss"]
[EventRounds "9"]
[EventCountry "ARG"]
[SourceTitle "EXT 2024"]
[Source "ChessBase"]
[SourceDate "2023.10.10"]
[SourceVersion "1"]
[SourceVersionDate "2023.10.10"]
[SourceQuality "1"]

1. e4 c5 2. Nf3 d6 3. Bb5+ Bd7 4. Bxd7+ Qxd7 5. 0-0 Nc6 6. c3 Nf6 7. Re1 g6 8. d4 Bg7 9. dxc5 dxc5 10. Qc2 Rd8 11. Na3 Qd3 12. Bg5 Qxc2 13. Nxc2 0-0 14. Bxf6 exf6 15. Ne3 Rfe8 16. Nc4 b5 17. Na3 a6 18. Kf1 Re6 19. Re2 Rde8 20. Nd2 c4 21. f4 Bf8 22. Nc2 Bc5 23. b3 cxb3 24. Nxb3 Bd6 25. g3 Rxe4 26. Rae1 f5 27. Kf2 Kg7 28. Kf3 Rxe2 29. Rxe2 Rxe2 30. Kxe2 Kf6 31. Kd3 h5 32. c4 h4 33. cxb5 hxg3 34. hxg3 axb5 35. Nbd4 Nxd4 36. Nxd4 b4 37. Ke2 Bc5 38. Nb3 Bb6 39. Nc1 Bd4 40. Nd3 Bc3 41. Nc5 Ke7 42. Kd1 Kd6 43. Nd3 Kd5 44. Ke2 f6 45. Ke3 Kc4 46. Nc1 Be1 47. Kf3 Kc3 48. Ke3 Bd2+ 0-1

[Event "South America-ch U14 16th"]
[Site "Buenos Aires"]
[Date "2019.12.02"]
[Round "2.2"]
[White "Vasquez Vargas, Henry Richard"]
[Black "Rodriguez, Mathias"]
[Result "0-1"]
[WhiteElo "2073"]
[BlackElo "1704"]
[PlyCount "98"]
[EventDate "2019.12.01"]
[EventType "swiss"]
[EventRounds "9"]
[EventCountry "ARG"]
[SourceTitle "EXT 2024"]
[Source "ChessBase"]
[SourceDate "2023.10.10"]
[SourceVersion "1"]
[SourceVersionDate "2023.10.10"]
[SourceQuality "1"]

1. d4 Nf6 2. c4 g6 3. Nc3 d5 4. Nf3 Bg7 5. Qb3 dxc4 6. Qxc4 0-0 7. e4 Nfd7 8. Be3 Nb6 9. Qb3 Nc6 10. d5 Ne5 11. Nxe5 Bxe5 12. f4 Bg7 13. Rd1 Bg4 14. Rd2 Qc8 15. a4 Bxc3 16. bxc3 Qe8 17. a5 Nc8 18. Bb5 Bd7 19. Bxd7 Qxd7 20. 0-0 Nd6 21. e5 Nf5 22. Bf2 b6 23. c4 bxa5 24. Ra2 Rfb8 25. Qc2 e6 26. Rxa5 exd5 27. cxd5 Rb5 28. Qd2 Rd8 29. Rd1 Ne7 30. Bh4 Rxa5 31. Qxa5 Qg4 32. Qe1 Rxd5 33. Rb1 Nc6 34. Bg3 Qd7 35. h3 Ne7 36. Kh2 Nf5 37. Rb8+ Kg7 38. Qc3 Qe6 39. Bf2 c6 40. g4 Ne7 41. Bh4 Rb5 42. Bf6+ Kh6 43. g5+ Kh5 44. Rh8 Qa2+ 45. Kg3 Nf5+ 46. Kf3 Nh4+ 47. Ke3 Nf5+ 48. Kd3 Rd5+ 49. Ke4 Qe2+ 0-1

[Event "La Cumbre Rusnak Memorial op"]
[Site "La Cumbre"]
[Date "2019.09.14"]
[Round "3.9"]
[White "Rodriguez, Mathias"]
[Black "Guerrero Cataldo, Juan Andres"]
[Result "0-1"]
[WhiteElo "1694"]
[BlackElo "2041"]
[PlyCount "68"]
[EventDate "2019.09.13"]
[EventType "swiss"]
[EventRounds "6"]
[EventCountry "ARG"]
[SourceTitle "EXT 2024"]
[Source "ChessBase"]
[SourceDate "2023.10.10"]
[SourceVersion "1"]
[SourceVersionDate "2023.10.10"]
[SourceQuality "1"]

1. e4 c5 2. Nf3 Nc6 3. d3 g6 4. g3 Bg7 5. Bg2 e6 6. 0-0 Nge7 7. Re1 d6 8. Nbd2 0-0 9. Nf1 h6 10. h4 Kh7 11. N1h2 f5 12. h5 g5 13. Nd2 f4 14. g4 e5 15. f3 Be6 16. Nb3 b5 17. Bd2 Qb6 18. Nc1 d5 19. Kh1 dxe4 20. dxe4 Rfd8 21. c3 Rd6 22. Qc2 Rad8 23. Nf1 Bc4 24. Rd1 Qc7 25. Nb3 Bd3 26. Qc1 Be2 27. Re1 Bxf1 28. Bxf1 c4 29. Nc5 Qb6 30. b4 Rxd2 31. Ne6 Qf2 32. Re2 Rxe2 33. Bxe2 Rd6 34. Nxg7 Qxe2 0-1

[Event "Santa Fe Rafaela U2200 op"]
[Site "Santa Fe"]
[Date "2019.05.04"]
[Round "3.15"]
[White "Hilgert, Gonzalo"]
[Black "Rodriguez, Mathias"]
[Result "1-0"]
[WhiteElo "1417"]
[BlackElo "1738"]
[PlyCount "117"]
[EventDate "2019.05.04"]
[EventType "swiss"]
[EventRounds "6"]
[EventCountry "ARG"]
[SourceTitle "EXT 2024"]
[Source "ChessBase"]
[SourceDate "2023.10.10"]
[SourceVersion "1"]
[SourceVersionDate "2023.10.10"]
[SourceQuality "1"]

1. e4 e5 2. Nf3 Nf6 3. Nxe5 d6 4. Nf3 Nxe4 5. Nc3 Nxc3 6. dxc3 Be7 7. Be3 Nc6 8. Qd2 Be6 9. a3 0-0 10. 0-0-0 Qb8 11. Rg1 b5 12. g4 a5 13. g5 b4 14. a4 b3 15. Bd3 Bd5 16. Bxh7+ Kxh7 17. Qxd5 bxc2 18. Kxc2 Qb7 19. Rg3 Rab8 20. g6+ Kg8 21. gxf7+ Rxf7 22. Bc1 Bf6 23. Ng5 Bxg5 24. Rxg5 Ne5 25. Rg2 Qxd5 26. Rxd5 Rbf8 27. Be3 Nc4 28. b3 Nxe3+ 29. fxe3 Rf2+ 30. Rxf2 Rxf2+ 31. Rd2 Rf3 32. Kd3 Rf1 33. Kc4 Kf7 34. Kb5 Rb1 35. b4 axb4 36. cxb4 Rb3 37. e4 Ke6 38. a5 c5 39. a6 Rxb4+ 40. Kc6 Ra4 41. Rxd6+ Ke5 42. Kb5 Rxe4 43. a7 Rb4+ 44. Ka5 Kxd6 45. a8Q g5 46. Qf8+ Kd5 47. Qf5+ Kc6 48. Qxg5 Rb5+ 49. Ka4 Rb4+ 50. Ka3 Kb5 51. h4 Rd4 52. h5 Rd3+ 53. Kb2 Kb4 54. Qf4+ c4 55. Qb8+ Kc5 56. Qc7+ Kd4 57. Qd6+ Ke3 58. Qc5+ Rd4 59. Kc3 1-0

[Event "ARG-ch U14"]
[Site "Villa Martelli"]
[Date "2018.02.12"]
[Round "8.4"]
[White "Cidre, Valentino"]
[Black "Rodriguez, Mathias"]
[Result "1/2-1/2"]
[WhiteElo "1909"]
[BlackElo "1706"]
[PlyCount "60"]
[EventDate "2018.02.09"]
[EventType "swiss"]
[EventRounds "9"]
[EventCountry "ARG"]
[SourceTitle "EXT 2024"]
[Source "ChessBase"]
[SourceDate "2023.10.10"]
[SourceVersion "1"]
[SourceVersionDate "2023.10.10"]
[SourceQuality "1"]

1. d4 Nf6 2. Nc3 g6 3. e4 d6 4. f3 Bg7 5. Be3 0-0 6. Qd2 c6 7. 0-0-0 b5 8. Nce2 a5 9. g4 a4 10. Ng3 Qa5 11. Qg2 a3 12. b3 Qc3 13. Qf2 Na6 14. Qe1 Qxe1 15. Rxe1 b4 16. h3 Nd7 17. f4 c5 18. d5 Bb7 19. Bb5 Nb6 20. Nf3 e6 21. dxe6 fxe6 22. Ng5 Nc7 23. Be2 h6 24. Nf3 Nd7 25. Rhf1 Bb2+ 26. Kb1 d5 27. Nh4 Kg7 28. e5 d4 29. Rd1 Nd5 30. Bd2 Bc3 1/2-1/2

[Event "ARG-ch U14"]
[Site "Villa Martelli"]
[Date "2018.02.12"]
[Round "7.4"]
[White "Rodriguez, Mathias"]
[Black "Villarreal, Agustin"]
[Result "0-1"]
[WhiteElo "1706"]
[BlackElo "1613"]
[PlyCount "108"]
[EventDate "2018.02.09"]
[EventType "swiss"]
[EventRounds "9"]
[EventCountry "ARG"]
[SourceTitle "EXT 2024"]
[Source "ChessBase"]
[SourceDate "2023.10.10"]
[SourceVersion "1"]
[SourceVersionDate "2023.10.10"]
[SourceQuality "1"]

1. e4 e5 2. Nf3 Nc6 3. Bb5 g6 4. 0-0 Bg7 5. c3 d6 6. h3 Nge7 7. d4 Bd7 8. Ba4 0-0 9. dxe5 Nxe5 10. Nxe5 Bxa4 11. Qxa4 dxe5 12. Rd1 Qe8 13. Qxe8 Rfxe8 14. Bg5 f6 15. Be3 Rad8 16. Na3 a6 17. Kf1 Kf7 18. Nc2 Nc8 19. Nb4 Nd6 20. f3 Nc4 21. Rxd8 Nxe3+ 22. Ke2 Rxd8 23. Kxe3 Bh6+ 24. Ke2 Rd2+ 25. Ke1 Rxg2 26. Rd1 Rg1+ 27. Ke2 Rxd1 28. Kxd1 c6 29. Nd3 Bf8 30. Kc2 Ke6 31. Kb3 f5 32. Kc4 fxe4 33. fxe4 g5 34. Nf2 h5 35. b4 b5+ 36. Kd3 c5 37. a3 cxb4 38. axb4 Bd6 39. Ke3 a5 40. bxa5 Bc5+ 41. Kf3 Bxf2 42. Kxf2 Kd6 43. Ke3 Kc6 44. Kd3 Kb7 45. c4 bxc4+ 46. Kxc4 Ka6 47. Kd5 g4 48. hxg4 hxg4 49. Kxe5 g3 50. Kd6 g2 51. e5 g1Q 52. e6 Qd4+ 53. Kc7 Qe5+ 54. Kd7 Qd5+ 0-1

[Event "ARG-ch U14"]
[Site "Villa Martelli"]
[Date "2018.02.11"]
[Round "6.3"]
[White "Zandrino, Faustino"]
[Black "Rodriguez, Mathias"]
[Result "1/2-1/2"]
[WhiteElo "1553"]
[BlackElo "1706"]
[PlyCount "54"]
[EventDate "2018.02.09"]
[EventType "swiss"]
[EventRounds "9"]
[EventCountry "ARG"]
[SourceTitle "EXT 2024"]
[Source "ChessBase"]
[SourceDate "2023.10.10"]
[SourceVersion "1"]
[SourceVersionDate "2023.10.10"]
[SourceQuality "1"]

1. b3 e5 2. Bb2 d6 3. c4 Nc6 4. g3 Nf6 5. Bg2 g6 6. Nf3 Bg7 7. d3 0-0 8. 0-0 h6 9. Nbd2 Be6 10. Re1 Nd7 11. Qc1 f5 12. e3 g5 13. h3 f4 14. exf4 gxf4 15. gxf4 Rxf4 16. Ne4 Bxh3 17. Nxe5 dxe5 18. Bxh3 Qe8 19. Re3 Nf6 20. Rg3 Kh8 21. Nxf6 Rxf6 22. Qe3 Rg6 23. Re1 Rxg3+ 24. Qxg3 Qf7 25. Re4 h5 26. Bg2 Re8 27. Rh4 Bf6 1/2-1/2

[Event "ARG-ch sf U2300 Rojas Memorial"]
[Site "Santiago del Estero"]
[Date "2018.01.13"]
[Round "1.9"]
[White "Martin, Mateo"]
[Black "Rodriguez, Mathias"]
[Result "1-0"]
[WhiteElo "1945"]
[BlackElo "1636"]
[PlyCount "93"]
[EventDate "2018.01.13"]
[EventType "swiss"]
[EventRounds "6"]
[EventCountry "ARG"]
[SourceTitle "EXT 2024"]
[Source "ChessBase"]
[SourceDate "2023.10.10"]
[SourceVersion "1"]
[SourceVersionDate "2023.10.10"]
[SourceQuality "1"]

1. d4 Nf6 2. c4 g6 3. Nc3 Bg7 4. e4 d6 5. f4 c5 6. d5 e6 7. dxe6 fxe6 8. Nf3 0-0 9. Bd3 Nc6 10. 0-0 a6 11. Qe1 Nh5 12. Ng5 Bh6 13. Nh3 Bg7 14. g4 Bd4+ 15. Kh1 Ng7 16. Qg3 Kh8 17. Ne2 Bf6 18. g5 Be7 19. Nc3 e5 20. Nd5 Nh5 21. Qh4 Bxh3 22. Qxh3 Nxf4 23. Bxf4 exf4 24. Nxf4 Ne5 25. Be2 Qd7 26. Qxd7 Nxd7 27. h4 Rad8 28. Rad1 Ne5 29. Nd5 Rxf1+ 30. Rxf1 Kg7 31. Kg2 Nc6 32. Nc7 Rc8 33. Ne6+ Kg8 34. b3 Nd8 35. Bg4 Nf7 36. Nf4 Rf8 37. Be6 Kg7 38. Bd5 Nd8 39. Kg3 h6 40. gxh6+ Kxh6 41. Rb1 Bf6 42. Nd3 Nc6 43. Bxc6 bxc6 44. Re1 a5 45. e5 dxe5 46. Nxe5 Re8 47. Ng4+ 1-0

[Event "Wch U12"]
[Site "Pocos de Caldas"]
[Date "2017.08.27"]
[Round "6"]
[White "Rodriguez, Mathias"]
[Black "Gutierrez Villca, Samuel Ignacio"]
[Result "1-0"]
[WhiteElo "1737"]
[BlackElo "1516"]
[PlyCount "75"]
[EventDate "2017.08.22"]
[EventType "swiss"]
[EventRounds "11"]
[EventCountry "BRA"]
[SourceTitle "CBM 180 Extra"]
[Source "ChessBase"]
[SourceDate "2017.10.06"]
[SourceVersion "1"]
[SourceVersionDate "2017.10.06"]
[SourceQuality "1"]

1. e4 c5 2. Nf3 Nc6 3. d4 cxd4 4. Nxd4 g6 5. Nc3 Bg7 6. Be3 Nf6 7. Bc4 Qa5 8. 0-0 d6 9. h3 0-0 10. Bb3 Bd7 11. Re1 Rfc8 12. Qe2 Nxe4 13. Nxc6 Bxc6 14. Nxe4 Bxe4 15. Bd2 Qf5 16. Qxe4 Qxe4 17. Rxe4 Bxb2 18. Rb1 Bf6 19. g4 e6 20. Kf1 d5 21. Re2 b5 22. f4 a5 23. a4 b4 24. f5 Ra6 25. fxe6 fxe6 26. Rbe1 Rcc6 27. Bh6 Bh4 28. Bxd5 Bxe1 29. Bxc6 Rxc6 30. Kxe1 Kf7 31. Kd1 Ke7 32. Re5 Ra6 33. Rb5 Ra7 34. Be3 Rd7+ 35. Kc1 Rc7 36. Rxa5 b3 37. Bc5+ Kd7 38. Ra7 1-0

[Event "ARG-ch sf U2300 Wilson Memorial 4th"]
[Site "La Falda"]
[Date "2017.06.24"]
[Round "1.10"]
[White "Rodriguez, Mathias"]
[Black "Cristaldo, Victor"]
[Result "1/2-1/2"]
[WhiteElo "1626"]
[BlackElo "1844"]
[PlyCount "93"]
[EventDate "2017.06.24"]
[EventType "swiss"]
[EventRounds "6"]
[EventCountry "ARG"]
[SourceTitle "EXT 2024"]
[Source "ChessBase"]
[SourceDate "2023.10.10"]
[SourceVersion "1"]
[SourceVersionDate "2023.10.10"]
[SourceQuality "1"]

1. e4 d6 2. d4 Nf6 3. Nc3 g6 4. f3 Bg7 5. Be3 Na6 6. Qd2 Be6 7. 0-0-0 c6 8. d5 cxd5 9. Bb5+ Bd7 10. Bxd7+ Qxd7 11. exd5 Rc8 12. Nge2 b5 13. Bd4 0-0 14. Ne4 Nxe4 15. fxe4 b4 16. h4 h5 17. Bxg7 Kxg7 18. Nd4 Qg4 19. Qg5 Qxg5+ 20. hxg5 Rc4 21. Rhe1 Nc5 22. Nc6 Rxe4 23. Rxe4 Nxe4 24. Re1 Nxg5 25. Rxe7 a5 26. Nxa5 Ra8 27. Nc4 Rxa2 28. Nxd6 Ra1+ 29. Kd2 Ra5 30. Re5 Kf6 31. Nc4 Rc5 32. Kd3 Rxc4 33. Rxg5 Rxc2 34. Rxg6+ fxg6 35. Kxc2 Ke5 36. Kb3 Kxd5 37. Kxb4 g5 38. Kc3 h4 39. Kd3 g4 40. Ke3 Ke5 41. Kf2 Kd4 42. b4 Kc4 43. Ke3 h3 44. gxh3 gxh3 45. Kf3 Kxb4 46. Kg3 h2 47. Kxh2 1/2-1/2

[Event "ARG-ch sf U1700"]
[Site "San Luis"]
[Date "2016.07.09"]
[Round "5.4"]
[White "Tejada, Gonzalo"]
[Black "Rodriguez, Mathias"]
[Result "0-1"]
[WhiteElo "1359"]
[BlackElo "1533"]
[PlyCount "82"]
[EventDate "2016.07.08"]
[EventType "swiss"]
[EventRounds "7"]
[EventCountry "ARG"]
[SourceTitle "EXT 2024"]
[Source "ChessBase"]
[SourceDate "2023.10.10"]
[SourceVersion "1"]
[SourceVersionDate "2023.10.10"]
[SourceQuality "1"]

1. d4 Nf6 2. c4 g6 3. Nc3 Bg7 4. Bf4 d6 5. e4 0-0 6. Nf3 Nbd7 7. Be2 Nh5 8. Be3 e5 9. 0-0 exd4 10. Bxd4 Nhf6 11. e5 dxe5 12. Nxe5 Nxe5 13. Bxe5 Be6 14. Qb3 Rb8 15. Rad1 Qe7 16. Rfe1 b5 17. Nd5 Bxd5 18. Bxf6 Qxf6 19. cxd5 Qxb2 20. Qxb2 Bxb2 21. Rb1 Bc3 22. Rec1 b4 23. a3 bxa3 24. Rxb8 Rxb8 25. Rxc3 Rb1+ 26. Bf1 a2 27. Ra3 a1Q 28. Rxa1 Rxa1 29. f4 a5 30. Kf2 Rxf1+ 31. Kxf1 a4 32. d6 cxd6 33. Ke2 a3 34. Kf3 a2 35. Kg4 a1Q 36. Kh3 d5 37. Kh4 d4 38. g4 d3 39. Kg5 f6+ 40. Kh4 Qa2 41. g5 Qg2 0-1

[Event "ARG-ch U12 m"]
[Site "Villa Giardino"]
[Date "2016.05.22"]
[Round "3.3"]
[White "Aguilar Samper, Valentin"]
[Black "Rodriguez, Mathias"]
[Result "0-1"]
[WhiteElo "1372"]
[BlackElo "1550"]
[PlyCount "111"]
[EventDate "2016.05.21"]
[EventType "tourn"]
[EventRounds "9"]
[EventCountry "ARG"]
[SourceTitle "EXT 2024"]
[Source "ChessBase"]
[SourceDate "2023.10.10"]
[SourceVersion "1"]
[SourceVersionDate "2023.10.10"]
[SourceQuality "1"]

1. d4 Nf6 2. c4 g6 3. Nc3 Bg7 4. e4 d6 5. f4 0-0 6. Nf3 c5 7. d5 e6 8. dxe6 Bxe6 9. Bd3 Nc6 10. 0-0 Re8 11. Ng5 Bg4 12. Qe1 h6 13. h3 Bf5 14. Qg3 hxg5 15. exf5 gxf4 16. Bxf4 Nh5 17. Qg4 Nxf4 18. Qxf4 g5 19. Qf3 Ne5 20. Qg3 Nxd3 21. Qxd3 Qf6 22. Kh1 Qd4 23. Rad1 Qxd3 24. Rxd3 Bxc3 25. Rxc3 Re2 26. Rb3 b6 27. Rd1 Rd8 28. Kg1 Rc2 29. Rg3 f6 30. h4 Rxc4 31. hxg5 fxg5 32. Rxg5+ Kf7 33. Rd2 d5 34. Kf2 Kf6 35. Rh5 Rf4+ 36. Ke3 Rxf5 37. Rxf5+ Kxf5 38. Rf2+ Kg5 39. Rf7 d4+ 40. Kd3 b5 41. Rxa7 c4+ 42. Kd2 Rf8 43. Rd7 Rf2+ 44. Kc1 d3 45. Rd5+ Rf5 46. Rxf5+ Kxf5 47. Kd2 Kf4 48. b3 Ke4 49. bxc4 bxc4 50. a4 Kd4 51. a5 c3+ 52. Kc1 Ke3 53. a6 d2+ 54. Kc2 Ke2 55. a7 d1Q+ 56. Kxc3 0-1

[Event "ARG-ch U12 m"]
[Site "Villa Giardino"]
[Date "2016.05.21"]
[Round "1.2"]
[White "Gutierrez Reich, Francisco"]
[Black "Rodriguez, Mathias"]
[Result "1/2-1/2"]
[WhiteElo "1527"]
[BlackElo "1550"]
[PlyCount "33"]
[EventDate "2016.05.21"]
[EventType "tourn"]
[EventRounds "9"]
[EventCountry "ARG"]
[SourceTitle "EXT 2024"]
[Source "ChessBase"]
[SourceDate "2023.10.10"]
[SourceVersion "1"]
[SourceVersionDate "2023.10.10"]
[SourceQuality "1"]

1. e4 c5 2. Nc3 Nc6 3. g3 g6 4. Bg2 Bg7 5. f4 d6 6. Nf3 Nf6 7. 0-0 0-0 8. d3 e6 9. h3 Ne8 10. g4 f5 11. Qe1 a6 12. Be3 b5 13. Qg3 Bd7 14. Kh1 Rc8 15. Rg1 Kh8 16. Rab1 Qe7 17. Nh4 1/2-1/2